LEADER 01292nam0 2200349 i 450 001 UBO3605379 005 20231121125900.0 010 $a9788815131034 100 $a20090907d2009 ||||0itac50 ba 101 | $aita 102 $ait 181 1$6z01$ai $bxxxe 182 1$6z01$an 200 1 $aEstetica della letteratura$fMassimo Fusillo 210 $aBologna$cIl mulino$d2009 215 $a225 p.$d21 cm 225 | $aLessico dell'estetica$v21 410 0$1001RML0050532$12001 $aLessico dell'estetica$v21 606 $aLetteratura$2FIR$3RMLC008866$9E 606 $aEstetica$2FIR$3RMLC119958$9I 676 $a111.85$9Proprietà classiche dell'essere. Bellezza.$v21 676 $a801.93$9Letteratura (Belle lettere) e retorica. Estetica.$v21 700 1$aFusillo$b, Massimo$3CFIV051239$4070$0221246 801 3$aIT$bIT-01$c20090907 850 $aIT-RM0289 $aIT-FR0017 899 $aBiblioteca Statale A. Baldini$bRM0289 899 $aBiblioteca umanistica Giorgio Aprea$bFR0017 912 $aUBO3605379 950 0$aBiblioteca umanistica Giorgio Aprea$d 52MAG 12/2191$e 52LLC0000052505 VMN RS $fA $h20140328$i20140328 977 $a 04$a 52 996 $aEstetica della letteratura$9227575 997 $aUNICAS